[Event "DVM U14w 2018"]
[Site "Neumünster GER"]
[Date "2018.12.29"]
[Round "6"]
[White "Dietz, Kristin"]
[Black "Ziegenfuß, Antonia"]
[Result "0-1"]
[Termination "normal"]
[Board "1.1"]
[WhiteElo "1735"]
[BlackElo "1949"]
[WhiteClock "00:31:27"]
[BlackClock "00:30:50"]
[WhiteTeam "USV Halle"]
[BlackTeam "OSG Baden-Baden"]
[PlyCount "118"]
[WhiteFideId "12993743"]
[BlackFideId "12962554"]
[EventCountry "GER"]
[EventRounds "7"]
[EventType "team-swiss"]
[EventDate "2018.12.26"]

1. e4 {[%clk 01:30:58]} {[%emt 00:00:02]} c5 {[%clk 01:30:56]} {[%emt
00:00:04]} 2. Nf3 {[%clk 01:31:21]} {[%emt 00:00:07]} e6 {[%clk 01:31:21]}
{[%emt 00:00:05]} 3. d4 {[%clk 01:31:46]} {[%emt 00:00:06]} cxd4 {[%clk
01:31:45]} {[%emt 00:00:05]} 4. Nxd4 {[%clk 01:32:09]} {[%emt 00:00:07]} Nf6
{[%clk 01:32:09]} {[%emt 00:00:06]} 5. Nc3 {[%clk 01:32:22]} {[%emt 00:00:17]}
Nc6 {[%clk 01:32:33]} {[%emt 00:00:07]} 6. Be2 {[%clk 01:21:03]} {[%emt
00:11:49]} Bb4 {[%clk 01:32:49]} {[%emt 00:00:13]} 7. f3 {[%clk 01:19:46]}
{[%emt 00:01:48]} d5 {[%clk 01:30:09]} {[%emt 00:03:09]} 8. Bg5 {[%clk
01:12:06]} {[%emt 00:08:11]} Qa5 {[%clk 00:59:28]} {[%emt 00:31:11]} 9. Qd2
{[%clk 01:10:40]} {[%emt 00:01:56]} Qb6 {[%clk 00:48:55]} {[%emt 00:11:03]} 10.
O-O-O {[%clk 01:04:58]} {[%emt 00:06:12]} Nxd4 {[%clk 00:44:43]} {[%emt
00:04:42]} 11. Qxd4 {[%clk 01:05:10]} {[%emt 00:00:18]} Qxd4 {[%clk 00:45:03]}
{[%emt 00:00:09]} 12. Rxd4 {[%clk 01:05:32]} {[%emt 00:00:08]} Bxc3 {[%clk
00:45:06]} {[%emt 00:00:27]} 13. bxc3 {[%clk 01:05:56]} {[%emt 00:00:06]} dxe4
{[%clk 00:34:35]} {[%emt 00:11:01]} 14. fxe4 {[%clk 01:04:17]} {[%emt
00:02:10]} O-O {[%clk 00:26:50]} {[%emt 00:08:14]} 15. Rhd1 {[%clk 00:55:49]}
{[%emt 00:08:58]} e5 {[%clk 00:25:08]} {[%emt 00:02:13]} 16. Rb4 {[%clk
00:44:20]} {[%emt 00:11:57]} b6 {[%clk 00:22:06]} {[%emt 00:03:33]} 17. Rf1
{[%clk 00:39:11]} {[%emt 00:05:39]} Nd7 {[%clk 00:13:39]} {[%emt 00:08:57]} 18.
Bc4 {[%clk 00:35:33]} {[%emt 00:04:08]} a5 {[%clk 00:13:34]} {[%emt 00:00:36]}
19. Rb1 {[%clk 00:29:23]} {[%emt 00:06:38]} Ba6 {[%clk 00:13:56]} {[%emt
00:00:09]} 20. Bxa6 {[%clk 00:29:19]} {[%emt 00:00:34]} Rxa6 {[%clk 00:14:21]}
{[%emt 00:00:05]} 21. Rd1 {[%clk 00:27:49]} {[%emt 00:02:00]} Ra7 {[%clk
00:11:22]} {[%emt 00:03:30]} 22. Rb5 {[%clk 00:26:21]} {[%emt 00:01:57]} f6
{[%clk 00:10:45]} {[%emt 00:01:07]} 23. Be3 {[%clk 00:23:07]} {[%emt 00:03:44]}
Rc8 {[%clk 00:10:04]} {[%emt 00:01:11]} 24. Rd6 {[%clk 00:11:36]} {[%emt
00:12:01]} Rxc3 {[%clk 00:09:29]} {[%emt 00:01:05]} 25. Bxb6 {[%clk 00:11:31]}
{[%emt 00:00:35]} Nxb6 {[%clk 00:09:52]} {[%emt 00:00:08]} 26. Rdxb6 {[%clk
00:11:45]} {[%emt 00:00:15]} Rac7 {[%clk 00:09:30]} {[%emt 00:00:53]} 27. Rb2
{[%clk 00:09:33]} {[%emt 00:02:41]} a4 {[%clk 00:09:39]} {[%emt 00:00:21]} 28.
Rb8+ {[%clk 00:08:07]} {[%emt 00:01:56]} Kf7 {[%clk 00:09:55]} {[%emt
00:00:15]} 29. a3 {[%clk 00:08:24]} {[%emt 00:00:12]} Rxa3 {[%clk 00:09:27]}
{[%emt 00:00:58]} 30. R8b4 {[%clk 00:08:33]} {[%emt 00:00:20]} Ra1+ {[%clk
00:07:19]} {[%emt 00:02:39]} 31. Rb1 {[%clk 00:08:20]} {[%emt 00:00:44]} Ra2
{[%clk 00:06:15]} {[%emt 00:01:33]} 32. R1b2 {[%clk 00:07:06]} {[%emt
00:01:44]} Ra1+ {[%clk 00:06:27]} {[%emt 00:00:19]} 33. Rb1 {[%clk 00:07:25]}
{[%emt 00:00:11]} Rxb1+ {[%clk 00:04:04]} {[%emt 00:02:53]} 34. Kxb1 {[%clk
00:07:43]} {[%emt 00:00:12]} Ra7 {[%clk 00:04:08]} {[%emt 00:00:26]} 35. Ka2
{[%clk 00:06:56]} {[%emt 00:01:16]} Ke7 {[%clk 00:04:19]} {[%emt 00:00:19]} 36.
Rb6 {[%clk 00:04:18]} {[%emt 00:03:09]} Rc7 {[%clk 00:03:47]} {[%emt 00:01:02]}
37. Kb2 {[%clk 00:02:09]} {[%emt 00:02:39]} a3+ {[%clk 00:02:51]} {[%emt
00:01:26]} 38. Kb3 {[%clk 00:02:20]} {[%emt 00:00:19]} Ra7 {[%clk 00:02:42]}
{[%emt 00:00:39]} 39. Ka2 {[%clk 00:02:38]} {[%emt 00:00:11]} Kd7 {[%clk
00:01:25]} {[%emt 00:01:48]} 40. Rb3 {[%clk 00:01:05]} {[%emt 00:02:03]} Rc7
{[%clk 00:00:45]} {[%emt 00:01:09]} 41. Kxa3 {[%clk 00:30:19]} {[%emt
00:01:15]} Rxc2 {[%clk 00:31:04]} {[%emt 00:00:12]} 42. Rb7+ {[%clk 00:30:21]}
{[%emt 00:00:27]} Rc7 {[%clk 00:31:10]} {[%emt 00:00:25]} 43. Rb4 {[%clk
00:29:07]} {[%emt 00:01:42]} Kc8 {[%clk 00:29:52]} {[%emt 00:01:50]} 44. Kb3
{[%clk 00:28:41]} {[%emt 00:00:56]} Rb7 {[%clk 00:29:25]} {[%emt 00:00:57]} 45.
Kc4 {[%clk 00:28:34]} {[%emt 00:00:36]} Rxb4+ {[%clk 00:29:39]} {[%emt
00:00:18]} 46. Kxb4 {[%clk 00:28:56]} {[%emt 00:00:07]} Kd7 {[%clk 00:29:31]}
{[%emt 00:00:38]} 47. Kc4 {[%clk 00:29:03]} {[%emt 00:00:23]} Ke6 {[%clk
00:29:19]} {[%emt 00:00:42]} 48. Kd3 {[%clk 00:29:22]} {[%emt 00:00:11]} f5
{[%clk 00:29:13]} {[%emt 00:00:37]} 49. exf5+ {[%clk 00:29:10]} {[%emt
00:00:42]} Kxf5 {[%clk 00:29:37]} {[%emt 00:00:05]} 50. Ke3 {[%clk 00:29:28]}
{[%emt 00:00:12]} e4 {[%clk 00:29:14]} {[%emt 00:00:53]} 51. h3 {[%clk
00:29:49]} {[%emt 00:00:09]} Ke5 {[%clk 00:28:22]} {[%emt 00:01:23]} 52. g3
{[%clk 00:29:42]} {[%emt 00:00:35]} g5 {[%clk 00:28:12]} {[%emt 00:00:41]} 53.
h4 {[%clk 00:29:35]} {[%emt 00:00:37]} g4 {[%clk 00:28:25]} {[%emt 00:00:17]}
54. h5 {[%clk 00:29:43]} {[%emt 00:00:22]} h6 {[%clk 00:28:50]} {[%emt
00:00:05]} 55. Ke2 {[%clk 00:29:47]} {[%emt 00:00:26]} Kd4 {[%clk 00:29:15]}
{[%emt 00:00:05]} 56. Kd2 {[%clk 00:30:13]} {[%emt 00:00:04]} e3+ {[%clk
00:29:40]} {[%emt 00:00:05]} 57. Ke2 {[%clk 00:30:40]} {[%emt 00:00:03]} Ke4
{[%clk 00:30:06]} {[%emt 00:00:05]} 58. Ke1 {[%clk 00:31:05]} {[%emt 00:00:05]}
Kf3 {[%clk 00:30:30]} {[%emt 00:00:06]} 59. Kf1 {[%clk 00:31:27]} {[%emt
00:00:07]} Kxg3 {[%clk 00:30:50]} {[%emt 00:00:10]} 0-1

[Event "DVM U14w 2018"]
[Site "Neumünster GER"]
[Date "2018.12.29"]
[Round "6"]
[White "Doll, Rebecca"]
[Black "Stowicek, Yara Mathilda"]
[Result "1/2-1/2"]
[Termination "normal"]
[Board "1.2"]
[WhiteElo "1764"]
[BlackElo "1651"]
[WhiteClock "00:07:14"]
[BlackClock "00:36:45"]
[WhiteTeam "OSG Baden-Baden"]
[BlackTeam "USV Halle"]
[PlyCount "66"]
[WhiteFideId "16236890"]
[BlackFideId "16203569"]
[EventCountry "GER"]
[EventRounds "7"]
[EventType "team-swiss"]
[EventDate "2018.12.26"]

1. e4 {[%clk 01:30:57]} {[%emt 00:00:02]} e5 {[%clk 01:30:55]} {[%emt
00:00:05]} 2. Nf3 {[%clk 01:31:23]} {[%emt 00:00:04]} Nc6 {[%clk 01:31:16]}
{[%emt 00:00:09]} 3. Bc4 {[%clk 01:31:48]} {[%emt 00:00:06]} Nf6 {[%clk
01:31:36]} {[%emt 00:00:10]} 4. d3 {[%clk 01:32:13]} {[%emt 00:00:05]} Bc5
{[%clk 01:31:42]} {[%emt 00:00:24]} 5. O-O {[%clk 01:32:27]} {[%emt 00:00:15]}
d6 {[%clk 01:31:40]} {[%emt 00:00:33]} 6. c3 {[%clk 01:32:50]} {[%emt
00:00:07]} a6 {[%clk 01:31:36]} {[%emt 00:00:34]} 7. Bb3 {[%clk 01:33:14]}
{[%emt 00:00:05]} Ba7 {[%clk 01:31:32]} {[%emt 00:00:34]} 8. Nbd2 {[%clk
01:31:16]} {[%emt 00:02:28]} h6 {[%clk 01:31:14]} {[%emt 00:00:49]} 9. Re1
{[%clk 01:25:12]} {[%emt 00:06:32]} O-O {[%clk 01:30:11]} {[%emt 00:01:34]} 10.
h3 {[%clk 01:24:39]} {[%emt 00:01:04]} Ne7 {[%clk 01:28:01]} {[%emt 00:02:39]}
11. Nf1 {[%clk 01:23:15]} {[%emt 00:01:53]} Ng6 {[%clk 01:27:49]} {[%emt
00:00:42]} 12. Ng3 {[%clk 01:19:42]} {[%emt 00:04:03]} Be6 {[%clk 01:26:43]}
{[%emt 00:01:37]} 13. Bc2 {[%clk 01:19:41]} {[%emt 00:00:31]} Re8 {[%clk
01:25:34]} {[%emt 00:01:40]} 14. Be3 {[%clk 01:11:02]} {[%emt 00:09:08]} c6
{[%clk 01:19:14]} {[%emt 00:06:51]} 15. d4 {[%clk 01:01:01]} {[%emt 00:10:30]}
Qc7 {[%clk 01:17:16]} {[%emt 00:02:29]} 16. Qd2 {[%clk 00:54:43]} {[%emt
00:06:47]} Rad8 {[%clk 01:14:13]} {[%emt 00:03:34]} 17. Rad1 {[%clk 00:52:28]}
{[%emt 00:02:45]} b5 {[%clk 01:10:32]} {[%emt 00:04:11]} 18. Qc1 {[%clk
00:50:09]} {[%emt 00:02:48]} a5 {[%clk 01:04:37]} {[%emt 00:06:26]} 19. b3
{[%clk 00:47:48]} {[%emt 00:02:50]} Rd7 {[%clk 01:03:55]} {[%emt 00:01:13]} 20.
Rd3 {[%clk 00:44:19]} {[%emt 00:03:58]} Red8 {[%clk 01:02:21]} {[%emt
00:02:05]} 21. Red1 {[%clk 00:44:16]} {[%emt 00:00:32]} d5 {[%clk 01:01:56]}
{[%emt 00:00:56]} 22. dxe5 {[%clk 00:43:01]} {[%emt 00:01:45]} Nxe5 {[%clk
00:56:10]} {[%emt 00:06:16]} 23. Nxe5 {[%clk 00:43:08]} {[%emt 00:00:22]} Bxe3
{[%clk 00:55:29]} {[%emt 00:01:12]} 24. Rxe3 {[%clk 00:42:45]} {[%emt
00:00:53]} Qxe5 {[%clk 00:54:48]} {[%emt 00:01:10]} 25. exd5 {[%clk 00:42:52]}
{[%emt 00:00:23]} Qd6 {[%clk 00:54:42]} {[%emt 00:00:36]} 26. dxe6 {[%clk
00:39:18]} {[%emt 00:04:04]} Qxd1+ {[%clk 00:53:38]} {[%emt 00:01:35]} 27. Bxd1
{[%clk 00:39:37]} {[%emt 00:00:11]} Rxd1+ {[%clk 00:53:53]} {[%emt 00:00:15]}
28. Qxd1 {[%clk 00:39:25]} {[%emt 00:00:42]} Rxd1+ {[%clk 00:54:05]} {[%emt
00:00:17]} 29. Kh2 {[%clk 00:39:40]} {[%emt 00:00:15]} fxe6 {[%clk 00:53:14]}
{[%emt 00:01:22]} 30. Rxe6 {[%clk 00:39:24]} {[%emt 00:00:46]} Rd2 {[%clk
00:50:34]} {[%emt 00:03:10]} 31. Rxc6 {[%clk 00:22:46]} {[%emt 00:17:07]} Rxa2
{[%clk 00:43:52]} {[%emt 00:07:12]} 32. Ra6 {[%clk 00:10:09]} {[%emt 00:13:07]}
Ra3 {[%clk 00:39:05]} {[%emt 00:05:17]} 33. Nf5 {[%clk 00:07:14]} {[%emt
00:03:24]} Rxb3 {[%clk 00:36:45]} {[%emt 00:02:52]} 1/2-1/2

[Event "DVM U14w 2018"]
[Site "Neumünster GER"]
[Date "2018.12.29"]
[Round "6"]
[White "Fritsch, Lea"]
[Black "Visvikis, Kassandra"]
[Result "0-1"]
[Termination "normal"]
[Board "1.3"]
[WhiteElo "1606"]
[BlackElo "1494"]
[WhiteClock "00:30:57"]
[BlackClock "00:31:13"]
[WhiteTeam "USV Halle"]
[BlackTeam "OSG Baden-Baden"]
[PlyCount "119"]
[WhiteFideId "16212436"]
[BlackFideId "36052167"]
[EventCountry "GER"]
[EventRounds "7"]
[EventType "team-swiss"]
[EventDate "2018.12.26"]

1. e4 {[%clk 01:30:59]} {[%emt 00:00:01]} e5 {[%clk 01:30:55]} {[%emt
00:00:05]} 2. Nf3 {[%clk 01:31:26]} {[%emt 00:00:04]} Nc6 {[%clk 01:31:18]}
{[%emt 00:00:06]} 3. Bc4 {[%clk 01:31:53]} {[%emt 00:00:04]} Bc5 {[%clk
01:31:43]} {[%emt 00:00:05]} 4. c3 {[%clk 01:32:19]} {[%emt 00:00:04]} Nf6
{[%clk 01:32:06]} {[%emt 00:00:05]} 5. d3 {[%clk 01:32:46]} {[%emt 00:00:04]}
a6 {[%clk 01:32:25]} {[%emt 00:00:11]} 6. Bb3 {[%clk 01:33:03]} d6 {[%clk
01:32:47]} {[%emt 00:00:20]} 7. O-O {[%clk 01:32:51]} h6 {[%clk 01:33:01]}
{[%emt 00:00:59]} 8. Nbd2 {[%clk 01:32:46]} Ba7 {[%clk 01:33:14]} {[%emt
00:00:52]} 9. h3 {[%clk 01:32:15]} Be6 {[%clk 01:33:35]} {[%emt 00:01:09]} 10.
Re1 {[%clk 01:32:33]} O-O {[%clk 01:33:58]} {[%emt 00:00:19]} 11. Nf1 {[%emt
00:00:52]} Qc8 {[%clk 01:33:35]} {[%emt 00:00:16]} 12. Be3 {[%clk 01:30:54]}
{[%emt 00:02:25]} Nh7 {[%clk 01:33:26]} {[%emt 00:00:39]} 13. Ng3 {[%clk
01:22:50]} {[%emt 00:08:34]} Ne7 {[%clk 01:33:18]} {[%emt 00:00:38]} 14. d4
{[%clk 01:16:47]} {[%emt 00:06:34]} Ng6 {[%clk 01:33:33]} {[%emt 00:00:14]} 15.
Bc2 {[%clk 01:12:22]} {[%emt 00:04:56]} f6 {[%clk 01:32:36]} {[%emt 00:01:26]}
16. Qd2 {[%clk 01:10:22]} {[%emt 00:02:31]} Ng5 {[%clk 01:32:20]} {[%emt
00:00:45]} 17. Bd1 {[%clk 01:02:07]} {[%emt 00:08:44]} Kh7 {[%clk 01:11:36]}
{[%emt 00:21:14]} 18. Nh2 {[%clk 00:58:18]} {[%emt 00:04:20]} b5 {[%clk
00:56:25]} {[%emt 00:15:40]} 19. Bg4 {[%clk 00:50:13]} {[%emt 00:08:32]} Qe8
{[%clk 00:39:27]} {[%emt 00:17:32]} 20. Nf5 {[%clk 00:46:24]} {[%emt 00:04:19]}
Nxe4 {[%clk 00:32:16]} {[%emt 00:07:41]} 21. Qc2 {[%clk 00:43:55]} {[%emt
00:02:58]} d5 {[%clk 00:27:44]} {[%emt 00:05:03]} 22. f3 {[%clk 00:42:34]}
{[%emt 00:01:50]} Nd6 {[%clk 00:26:41]} {[%emt 00:01:34]} 23. Nxd6 {[%clk
00:33:51]} {[%emt 00:09:13]} cxd6 {[%clk 00:26:55]} {[%emt 00:00:16]} 24. Bxe6
{[%clk 00:30:37]} {[%emt 00:03:44]} Qxe6 {[%clk 00:27:03]} {[%emt 00:00:22]}
25. h4 {[%clk 00:30:38]} {[%emt 00:00:29]} f5 {[%clk 00:25:04]} {[%emt
00:02:29]} 26. h5 {[%clk 00:30:03]} {[%emt 00:01:05]} Ne7 {[%clk 00:25:24]}
{[%emt 00:00:10]} 27. dxe5 {[%clk 00:26:45]} {[%emt 00:03:49]} dxe5 {[%clk
00:24:59]} {[%emt 00:00:54]} 28. Bxa7 {[%clk 00:26:18]} {[%emt 00:00:58]} Rxa7
{[%clk 00:25:18]} {[%emt 00:00:11]} 29. Rad1 {[%clk 00:23:17]} {[%emt
00:03:31]} Nc6 {[%clk 00:22:57]} {[%emt 00:02:50]} 30. g4 {[%clk 00:19:54]}
{[%emt 00:03:53]} Rd7 {[%clk 00:22:37]} {[%emt 00:00:50]} 31. Rd2 {[%clk
00:16:23]} {[%emt 00:04:01]} Kg8 {[%clk 00:18:55]} {[%emt 00:04:11]} 32. Red1
{[%clk 00:15:38]} {[%emt 00:01:15]} fxg4 {[%clk 00:15:38]} {[%emt 00:03:47]}
33. fxg4 {[%clk 00:15:11]} {[%emt 00:00:57]} e4 {[%clk 00:14:13]} {[%emt
00:01:56]} 34. Rf2 {[%clk 00:14:14]} {[%emt 00:01:23]} Rdf7 {[%clk 00:11:47]}
{[%emt 00:02:59]} 35. Rfd2 {[%clk 00:13:31]} {[%emt 00:01:11]} Ne7 {[%clk
00:11:08]} {[%emt 00:01:11]} 36. Re2 {[%clk 00:12:11]} {[%emt 00:01:50]} Qe5
{[%clk 00:09:37]} {[%emt 00:02:01]} 37. Qd2 {[%clk 00:11:41]} {[%emt 00:01:01]}
Qf4 {[%clk 00:06:28]} {[%emt 00:03:38]} 38. Qd4 {[%clk 00:10:31]} {[%emt
00:01:34]} Qd6 {[%clk 00:05:00]} {[%emt 00:02:04]} 39. Qxe4 {[%clk 00:08:04]}
{[%emt 00:02:57]} Qxh2+ {[%clk 00:04:49]} {[%emt 00:00:42]} 40. Kxh2 {[%clk
00:07:33]} {[%emt 00:01:00]} dxe4 {[%clk 00:05:12]} {[%emt 00:00:07]} 41. Kg3
{[%clk 00:07:14]} {[%emt 00:00:50]} Rf3+ {[%clk 00:05:12]} {[%emt 00:00:30]}
42. Kg2 {[%clk 00:07:35]} {[%emt 00:00:04]} e3 {[%clk 00:05:17]} {[%emt
00:00:30]} 43. Rde1 {[%clk 00:06:12]} {[%emt 00:01:52]} Nd5 {[%clk 00:03:25]}
{[%emt 00:02:23]} 44. Kh2 {[%clk 00:04:57]} {[%emt 00:01:42]} Rf2+ {[%clk
00:03:15]} {[%emt 00:00:43]} 45. Kg1 {[%clk 00:04:35]} {[%emt 00:00:45]} R8f4
{[%clk 00:02:15]} {[%emt 00:01:36]} 46. Kh1 {[%clk 00:01:44]} {[%emt 00:03:21]}
Rxg4 {[%clk 00:30:24]} {[%emt 00:02:23]} 47. Rxf2 {[%clk 00:31:55]} {[%emt
00:00:18]} exf2 {[%clk 00:30:46]} {[%emt 00:00:08]} 48. Rf1 {[%clk 00:32:20]}
{[%emt 00:00:04]} Rg1+ {[%clk 00:30:59]} {[%emt 00:00:16]} 49. Rxg1 {[%clk
00:32:45]} {[%emt 00:00:07]} fxg1=Q+ {[%emt 00:00:07]} 50. Kxg1 {[%emt
00:00:04]} Ne3 {[%clk 00:31:09]} {[%emt 00:00:08]} 51. b3 {[%clk 00:32:18]}
{[%emt 00:00:57]} Kf7 {[%clk 00:31:00]} {[%emt 00:00:40]} 52. Kh2 {[%clk
00:32:06]} {[%emt 00:00:43]} g6 {[%clk 00:31:16]} {[%emt 00:00:13]} 53. hxg6+
{[%clk 00:32:29]} {[%emt 00:00:06]} Kxg6 {[%clk 00:31:42]} {[%emt 00:00:04]}
54. Kg3 {[%clk 00:32:40]} {[%emt 00:00:17]} Kf5 {[%clk 00:30:36]} {[%emt
00:01:39]} 55. Kf3 {[%clk 00:32:33]} {[%emt 00:00:38]} Nd5 {[%clk 00:30:15]}
{[%emt 00:00:49]} 56. c4 {[%clk 00:32:46]} {[%emt 00:00:18]} bxc4 {[%clk
00:30:36]} {[%emt 00:00:08]} 57. bxc4 {[%clk 00:33:14]} {[%emt 00:00:03]} Nb4
{[%clk 00:30:47]} {[%emt 00:00:19]} 58. c5 {[%clk 00:33:30]} {[%emt 00:00:14]}
Ke5 {[%clk 00:31:01]} {[%emt 00:00:16]} 59. a3 {[%clk 00:31:55]} {[%emt
00:02:05]} Nc6 {[%clk 00:31:13]} {[%emt 00:00:18]} 60. Kg4 {[%clk 00:30:57]}
{[%emt 00:01:28]} 0-1

[Event "DVM U14w 2018"]
[Site "Neumünster GER"]
[Date "2018.12.29"]
[Round "6"]
[White "Nanthivarman, Merymuthu"]
[Black "Prudlik, Elisa"]
[Result "1/2-1/2"]
[Termination "normal"]
[Board "1.4"]
[WhiteElo "1202"]
[BlackElo "1404"]
[WhiteClock "00:24:12"]
[BlackClock "00:26:28"]
[WhiteTeam "OSG Baden-Baden"]
[BlackTeam "USV Halle"]
[PlyCount "126"]
[WhiteFideId "16255755"]
[BlackFideId "16209915"]
[EventCountry "GER"]
[EventRounds "7"]
[EventType "team-swiss"]
[EventDate "2018.12.26"]

1. e4 {[%clk 01:30:58]} {[%emt 00:00:02]} e5 {[%clk 01:30:56]} {[%emt
00:00:04]} 2. Nf3 {[%clk 01:31:26]} {[%emt 00:00:04]} Nc6 {[%clk 01:31:20]}
{[%emt 00:00:05]} 3. Nc3 {[%clk 01:31:54]} {[%emt 00:00:02]} Nf6 {[%clk
01:31:37]} {[%emt 00:00:12]} 4. Bb5 {[%clk 01:32:20]} {[%emt 00:00:04]} a6
{[%clk 01:31:56]} {[%emt 00:00:12]} 5. Bxc6 {[%clk 01:32:32]} {[%emt 00:00:18]}
dxc6 {[%clk 01:32:17]} {[%emt 00:00:08]} 6. h3 {[%clk 01:32:57]} {[%emt
00:00:06]} Be6 {[%clk 01:32:23]} {[%emt 00:00:23]} 7. d3 {[%clk 01:33:21]}
{[%emt 00:00:06]} Bc5 {[%clk 01:31:30]} {[%emt 00:01:23]} 8. O-O {[%clk
01:33:18]} {[%emt 00:00:33]} Qd6 {[%clk 01:30:49]} {[%emt 00:01:11]} 9. Bd2
{[%clk 01:32:24]} {[%emt 00:01:24]} O-O {[%clk 01:30:47]} {[%emt 00:00:31]} 10.
Bg5 {[%clk 01:30:31]} {[%emt 00:02:23]} Bd7 {[%clk 01:29:50]} {[%emt 00:01:28]}
11. Ne2 {[%clk 01:28:48]} {[%emt 00:02:13]} h6 {[%clk 01:26:45]} {[%emt
00:03:36]} 12. Bh4 {[%clk 01:28:39]} {[%emt 00:00:38]} Qe6 {[%clk 01:21:08]}
{[%emt 00:06:07]} 13. d4 {[%clk 01:27:51]} {[%emt 00:01:19]} exd4 {[%clk
01:21:05]} {[%emt 00:00:32]} 14. Nexd4 {[%clk 01:27:56]} {[%emt 00:00:25]} Qxe4
{[%clk 01:19:54]} {[%emt 00:01:42]} 15. Bxf6 {[%clk 01:27:18]} {[%emt
00:01:08]} gxf6 {[%clk 01:19:34]} {[%emt 00:00:49]} 16. Nb3 {[%clk 01:26:24]}
{[%emt 00:01:24]} Bf5 {[%clk 01:18:17]} {[%emt 00:01:47]} 17. Nxc5 {[%clk
01:26:12]} {[%emt 00:00:43]} Qxc2 {[%clk 01:15:35]} {[%emt 00:03:11]} 18. Qxc2
{[%clk 01:26:31]} {[%emt 00:00:12]} Bxc2 {[%clk 01:15:58]} {[%emt 00:00:06]}
19. Nxb7 {[%clk 01:25:53]} {[%emt 00:01:09]} Rab8 {[%clk 01:16:14]} {[%emt
00:00:13]} 20. Nc5 {[%clk 01:25:55]} {[%emt 00:00:29]} Rxb2 {[%clk 01:16:25]}
{[%emt 00:00:19]} 21. Nd7 {[%clk 01:26:19]} {[%emt 00:00:05]} Rd8 {[%clk
01:13:08]} {[%emt 00:03:47]} 22. Nxf6+ {[%clk 01:26:23]} {[%emt 00:00:27]} Kg7
{[%clk 01:13:21]} {[%emt 00:00:15]} 23. Ng4 {[%clk 01:26:09]} {[%emt 00:00:45]}
Be4 {[%clk 01:10:34]} {[%emt 00:03:16]} 24. Rfe1 {[%clk 01:24:33]} {[%emt
00:02:06]} Bd5 {[%clk 01:09:19]} {[%emt 00:01:46]} 25. Reb1 {[%clk 01:14:21]}
{[%emt 00:10:43]} Rxb1+ {[%clk 01:06:58]} {[%emt 00:02:51]} 26. Rxb1 {[%clk
01:14:45]} {[%emt 00:00:06]} Bxa2 {[%clk 01:07:17]} {[%emt 00:00:11]} 27. Rb7
{[%clk 01:15:07]} {[%emt 00:00:07]} Rc8 {[%clk 01:05:29]} {[%emt 00:02:16]} 28.
Nge5 {[%clk 01:14:13]} {[%emt 00:01:27]} c5 {[%clk 01:05:28]} {[%emt 00:00:31]}
29. Ra7 {[%clk 01:14:30]} {[%emt 00:00:13]} c4 {[%clk 01:04:47]} {[%emt
00:01:11]} 30. Rxa6 {[%clk 01:13:48]} {[%emt 00:01:12]} Bb3 {[%clk 00:56:56]}
{[%emt 00:08:21]} 31. Rc6 {[%clk 01:13:02]} {[%emt 00:01:14]} f6 {[%clk
00:55:34]} {[%emt 00:01:53]} 32. Nxc4 {[%clk 01:12:23]} {[%emt 00:01:10]} Ba4
{[%clk 00:55:10]} {[%emt 00:00:53]} 33. Re6 {[%clk 01:07:03]} {[%emt 00:05:49]}
Re8 {[%clk 00:52:24]} {[%emt 00:03:15]} 34. Nd4 {[%clk 00:59:46]} {[%emt
00:07:48]} Kf7 {[%clk 00:51:11]} {[%emt 00:01:40]} 35. Rxe8 {[%clk 00:59:13]}
{[%emt 00:01:09]} Bxe8 {[%clk 00:50:45]} {[%emt 00:00:54]} 36. g4 {[%clk
00:54:58]} {[%emt 00:04:44]} Kg6 {[%clk 00:50:57]} {[%emt 00:00:18]} 37. Kh2
{[%clk 00:55:08]} {[%emt 00:00:20]} h5 {[%clk 00:51:10]} {[%emt 00:00:17]} 38.
Kg3 {[%clk 00:54:54]} {[%emt 00:00:45]} Kh6 {[%clk 00:49:45]} {[%emt 00:01:54]}
39. Ne3 {[%clk 00:52:15]} {[%emt 00:03:10]} hxg4 {[%clk 00:47:56]} {[%emt
00:02:20]} 40. hxg4 {[%clk 00:52:21]} {[%emt 00:00:23]} Kg6 {[%clk 00:47:24]}
{[%emt 00:00:55]} 41. Kh4 {[%clk 00:52:13]} {[%emt 00:00:43]} Ba4 {[%clk
00:44:12]} {[%emt 00:03:42]} 42. Ne6 {[%clk 00:48:35]} {[%emt 00:04:09]} c6
{[%clk 00:44:24]} {[%emt 00:00:18]} 43. Nf4+ {[%clk 00:48:44]} {[%emt
00:00:22]} Kh6 {[%clk 00:42:00]} {[%emt 00:02:54]} 44. Nf5+ {[%clk 00:48:14]}
{[%emt 00:01:00]} Kh7 {[%clk 00:42:18]} {[%emt 00:00:12]} 45. Nh5 {[%clk
00:44:16]} {[%emt 00:04:29]} Kg6 {[%clk 00:42:20]} {[%emt 00:00:24]} 46. f4
{[%clk 00:39:05]} {[%emt 00:05:42]} c5 {[%clk 00:41:20]} {[%emt 00:01:29]} 47.
Nfg3 {[%clk 00:37:36]} {[%emt 00:02:00]} Bc2 {[%clk 00:40:02]} {[%emt
00:01:51]} 48. f5+ {[%clk 00:37:26]} {[%emt 00:00:40]} Kf7 {[%clk 00:36:46]}
{[%emt 00:03:45]} 49. Ne2 {[%clk 00:32:20]} {[%emt 00:05:36]} Be4 {[%clk
00:36:10]} {[%emt 00:01:02]} 50. Nc3 {[%clk 00:31:20]} {[%emt 00:01:34]} Bc6
{[%clk 00:35:17]} {[%emt 00:01:20]} 51. Nxf6 {[%clk 00:28:50]} {[%emt
00:03:03]} Kxf6 {[%clk 00:35:26]} {[%emt 00:00:21]} 52. Kh5 {[%clk 00:29:15]}
{[%emt 00:00:05]} Bf3 {[%clk 00:32:27]} {[%emt 00:03:29]} 53. Kh4 {[%clk
00:26:56]} {[%emt 00:02:48]} Bc6 {[%clk 00:32:33]} {[%emt 00:00:25]} 54. Nd1
{[%clk 00:27:06]} {[%emt 00:00:21]} c4 {[%clk 00:26:22]} {[%emt 00:06:40]} 55.
Ne3 {[%clk 00:27:25]} {[%emt 00:00:11]} c3 {[%clk 00:26:06]} {[%emt 00:00:47]}
56. g5+ {[%clk 00:27:48]} {[%emt 00:00:06]} Kf7 {[%clk 00:26:28]} {[%emt
00:00:07]} 57. Kh5 {[%clk 00:25:52]} {[%emt 00:02:26]} Be4 {[%clk 00:25:03]}
{[%emt 00:01:55]} 58. f6 {[%clk 00:24:43]} {[%emt 00:01:41]} Bg6+ {[%clk
00:25:07]} {[%emt 00:00:24]} 59. Kh6 {[%clk 00:24:48]} {[%emt 00:00:26]} c2
{[%clk 00:25:30]} {[%emt 00:00:07]} 60. Nxc2 {[%clk 00:25:11]} {[%emt
00:00:07]} Bxc2 {[%clk 00:25:51]} {[%emt 00:00:08]} 61. g6+ {[%clk 00:23:29]}
{[%emt 00:02:13]} Bxg6 {[%clk 00:26:13]} {[%emt 00:00:08]} 62. Kg5 {[%clk
00:23:52]} {[%emt 00:00:07]} Bd3 {[%clk 00:26:05]} {[%emt 00:00:36]} 63. Kf4
{[%clk 00:24:12]} {[%emt 00:00:12]} Kxf6 {[%clk 00:26:28]} {[%emt 00:00:08]}
1/2-1/2